LIBRARY ONLINE CATALOGUE

Understanding psychology / (Record no. 12021)

MARC details
000 -LEADER
fixed length control field 00663cam a22002172 4500
001 - CONTROL NUMBER
control field 0000009277
005 - DATE AND TIME OF LATEST TRANSACTION
control field 20151217155218.0
008 - FIXED-LENGTH DATA ELEMENTS--GENERAL INFORMATION
fixed length control field 080921s xx 000 0 eng d
020 ## - INTERNATIONAL STANDARD BOOK NUMBER
International Standard Book Number 0132343411 :
Terms of availability BSP 50
040 ## - CATALOGING SOURCE
Original cataloging agency KABU
Transcribing agency KABU
100 1# - MAIN ENTRY--PERSONAL NAME
Personal name Morris, Charles G.
-- 0000160216
245 10 - TITLE STATEMENT
Title Understanding psychology /
Statement of responsibility, etc. Charles G. Morris, Albert A. Maisto.
250 ## - EDITION STATEMENT
Edition statement 8th ed.
260 ## - PUBLICATION, DISTRIBUTION, ETC. (IMPRINT)
Place of publication, distribution, etc. Upper Saddle River, NJ :
Name of publisher, distributor, etc. Prentice Hall,
Date of publication, distribution, etc. c2008.
300 ## - PHYSICAL DESCRIPTION
Extent xxii, 535 [114] p.
650 #0 - SUBJECT ADDED ENTRY--TOPICAL TERM
Topical term or geographic name as entry element Psychology.
-- 0000024981
700 1# - ADDED ENTRY--PERSONAL NAME
Personal name Maisto, Albert A.
-- 0000160217
908 ## - PUT COMMAND PARAMETER (RLIN)
Put command parameter 080921
950 ## - LOCAL HOLDINGS (RLIN)
-- 1
Holdings
Withdrawn status Lost status Source of classification or shelving scheme Not for loan Home library Current library Date acquired Total Checkouts Total Renewals Full call number Barcode Date last seen Date last checked out Price effective from Koha item type
    Library of Congress Classification   Kabarak, Main Campus Kabarak, Main Campus 17/12/2015 12 1 BF121 .M67 2008 c. 1 009180 02/08/2024 21/01/2020 17/12/2015 General Collection